Vývoj simulačného nástroja pre veterné turbíny a optimalizácia výberu medzi neregulovanými obnoviteľnými zdrojmi energie
Uložené v:
| Hlavný autor: | |
|---|---|
| Ďalší autori: | |
| Médium: | Rukopis Kniha |
| Jazyk: | Slovak |
| Vydavateľské údaje: |
2025
|
| Predmet: | |
| On-line prístup: | http://is.stuba.sk/zp/portal_zp.pl?podrobnosti=185636 |
| Tagy: |
Žiadne tagy, Buďte prvý, kto otaguje tento záznam!
|
MARC
| LEADER | 00000ntm a22000003a 4500 | ||
|---|---|---|---|
| 001 | stuzp106030 | ||
| 003 | SK-STU | ||
| 005 | 20250621210623.0 | ||
| 007 | ta | ||
| 008 | 150427s2015----xo-----f-mn---000-0-slo-d | ||
| 040 | |a STU |b slo | ||
| 041 | 0 | |a slo | |
| 100 | 1 | |a Tkáč, Adam |u 020020 |4 aut |U SjF Strojnícka fakulta |T SjF Ústav automatizácie, informatizácie a merania |X 105046 |U J0020 |Y 802 |7 105046 | |
| 242 | 0 | 1 | |a Development of a simulation tool for wind turbines and optimization of the choice between unregulated renewable energy sources |y eng |
| 245 | 1 | 0 | |a Vývoj simulačného nástroja pre veterné turbíny a optimalizácia výberu medzi neregulovanými obnoviteľnými zdrojmi energie |
| 260 | |c 2025 | ||
| 650 | 4 | |a simulácia |2 slo | |
| 650 | 4 | |a veterné turbíny |2 slo | |
| 650 | 4 | |a obnoviteľné zdroje energie |2 slo | |
| 650 | 4 | |a interpolácia |2 slo | |
| 650 | 4 | |a matematický model |2 slo | |
| 650 | 4 | |a energetické zdroje |2 slo | |
| 650 | 4 | |a výkonová krivka |2 slo | |
| 650 | 4 | |a meteorologické dáta |2 slo | |
| 650 | 4 | |a optimalizácia |2 slo | |
| 650 | 4 | |a wind turbines |2 eng | |
| 650 | 4 | |a optimization |2 eng | |
| 650 | 4 | |a renewable energy sources |2 eng | |
| 650 | 4 | |a meteorological data |2 eng | |
| 650 | 4 | |a simulation |2 eng | |
| 650 | 4 | |a energy sources |2 eng | |
| 650 | 4 | |a interpolation |2 eng | |
| 650 | 4 | |a power curve |2 eng | |
| 650 | 4 | |a mathematical model |2 eng | |
| 700 | 1 | |a Vachálek, Ján |u 020020 |k Z1 |4 ths |U SjF Strojnícka fakulta |T SjF Ústav automatizácie, informatizácie a merania |X 2232 |U J0020 |Y 802 |7 A000002232 | |
| 856 | 4 | |u http://is.stuba.sk/zp/portal_zp.pl?podrobnosti=185636 | |